Trendy v informačních systémech

Údržba a prevádzka jadrových elektrární a prepojenie s informačnou podporou pri plánovaní a realizácii jednotlivých činností. Príklad implementácie štandardného riešenia, cieľom ktorého bolo zaviesť procesný model, založený na medzinárodných štandardoch INPO (Institute of Nuclear Power Operations).

Saved in:
Bibliographic Details
Main Author: Cidlinský, Milan
Format: Book Chapter
Language:Czech
Subjects:
Tags: Add Tag
No Tags, Be the first to tag this record!

MARC

LEADER 00000naa a2200000 4500
001 0230021
005 20221104125219.7
041 0 |a cze 
044 |a CZ 
245 1 0 |a Trendy v informačních systémech  |c Milan Cidlinský 
520 |a Údržba a prevádzka jadrových elektrární a prepojenie s informačnou podporou pri plánovaní a realizácii jednotlivých činností. Príklad implementácie štandardného riešenia, cieľom ktorého bolo zaviesť procesný model, založený na medzinárodných štandardoch INPO (Institute of Nuclear Power Operations). 
610 2 0 |a Slovensko 
610 2 0 |a elektrárne atómové 
610 2 0 |a bezpečnosť energetická 
610 2 0 |a systémy informačné 
610 2 0 |a technológie informačné 
610 2 0 |a technológie komunikačné 
610 2 0 |a štandardy medzinárodné 
610 2 0 |a energia atómová 
100 1 |a Cidlinský, Milan